000 00294nam a22001337a 4500
008 171030b xxu||||| |||| 00| 0 eng d
020 _a0132595311
041 _aeng
080 _a338.5
100 _a57
101 _aQMI
245 _aELEMENTARY PRICE THEORY
_cDOOLEY.P.C
942 _2udc
_cBK
999 _c36497
_d36497